000 01091 a2200229 4500
001 44845
005 20260407155723.0
008 260407a1998 arg spa d
003 AR-UNSa-BCEJYS
040 _aAR-UNSa-BCEJYS
_bspa
_cAR-UNSa-BCEJYS
080 _a316.42
_xCambio social en sociedades globales. Desarrollo social. Sociología del desarrollo (Desarrollo Humano)
245 1 0 _aInforme sobre desarrollo humano 1998
020 _a84-7114-771-8
264 1 _aMadrid :
_bEdiciones Mundi-Prensa
_c1998
300 _axii, 228 p.
_c27 cm.
505 _a1. El estado del desarrollo humano - 2. El consumo desde la perspectiva del desarrollo humano - 3. El consumo en una aldea global: desigual y desequilibrado - 4. Desigualdad de los efectos del daño ambiental sobre los seres humanos - 5. Un programa para la acción -
041 _aspa
942 _cBK
590 _aniveau_biblio:m niveau_hierar:0
100 1 _aPrograma de las Naciones Unidas para el Desarrollo (PNUD)
856 4 1 _uhttps://www.biblioeco.unsa.edu.ar/pmb/images/libros/L127006.jpg
_yImagen de portada
_qimage/jpeg
999 _c3824
_d3824